III i IV Trobades d'Estudiosos del Montseny : III Trobada. Comunicacions presentades el dia 11 de desembre de 1992 a Sant Pere de Vilamajor : IV Trobada. Comunicacions presentades el dia 19 de desembre de 1996 a Seva III Trobada. Comunicacions presentades el dia 11 de desembre de 1992 a Sant Pere de Vilamajor :
ISBN:
8477946361
Descripción Física:
321 p. ; 30 cm
Colección:
Monografies ; 27
MARC
| LEADER | 00000nam a2200000Ia 4500 | ||
|---|---|---|---|
| 001 | 12324 | ||
| 008 | 160829s1999 xx 000 0 cat d | ||
| 017 | |a DL B-28707-1999 | ||
| 020 | |a 8477946361 | ||
| 080 | |a C-1-104 | ||
| 111 | 2 | |a Trobada d'Estudiosos del Montseny |n (3a : |d 1992 : |c Sant Pere de Vilamajor, Catalunya) |9 55744 | |
| 245 | |a III i IV Trobades d'Estudiosos del Montseny : |b III Trobada. Comunicacions presentades el dia 11 de desembre de 1992 a Sant Pere de Vilamajor : |b IV Trobada. Comunicacions presentades el dia 19 de desembre de 1996 a Seva | ||
| 246 | 3 | 3 | |a Tercera i Quarta Trobades d'Estudiosos del Montseny |
| 260 | |a Barcelona : |b Diputació de Barcelona. Servei de Parcs Naturals, |c 1999 | ||
| 300 | |a 321 p. ; |c 30 cm | ||
| 490 | |a Monografies ; 27 | ||
| 610 | 0 | |a Parc Natural del Montseny (Catalunya) |9 10461 | |
| 610 | 2 | 0 | |a Parc Natural del Montseny (Catalunya) |v Congressos |9 54395 |
| 650 | 0 | |a Parcs Naturals |9 54394 |z Barcelona (Província) |v Congressos | |
| 710 | |a Barcelona (Catalunya : Província). |b Servei de Parcs Naturals |9 53492 | ||
| 711 | 2 | |a Trobada d'Estudiosos del Montseny |n (4a : |d 1996 : |c Seva, Catalunya) |9 55745 | |
| 901 | |a Arxiu | ||
| 942 | |n 1 |2 udc |c ARXIU | ||
| 952 | |0 0 |1 0 |4 0 |6 C1104 |7 1 |9 46825 |a Arxiu |b Arxiu |d 2016-12-01 |l 0 |o C-1-104 |p 12324 |r 2016-12-01 00:00:00 |w 2016-12-01 |y ARXIU | ||
| 952 | |0 0 |1 0 |4 0 |6 PDL |7 1 |9 63835 |a Arxiu |b Arxiu |d 2022-09-07 |l 0 |o PDL |p 26745 |r 2022-09-07 00:00:00 |w 2022-09-07 |y ARXIU | ||
| 999 | |c 50618 |d 50618 | ||